MBT of each nation - Statistics

General Stats
  • This quiz has been taken 13 times
  • The average score is 13 of 30
Answer Stats
Picture Answer % Correct
M1A2 Abrams
100%
T-90
89%
Challenger II
78%
Leclerc XLR
78%
Type 10
78%
Type 99
67%
Ariete
56%
Merkava MK.4
56%
T-84 BM Oplot
56%
Tanque Argentino Mediano
56%
Al-Khalid-1
44%
Olifant 1B
44%
Altay
33%
Arjun MBT
33%
CM-11 "Brave Tiger"
33%
K1E1
33%
Karrar
33%
Leopard 2A6E
33%
Leopard A8
33%
Leopard Pz.87
33%
Leopard Strv.122
33%
M-84
33%
M-84A4 Sniper
33%
Pokpung-Ho
33%
Type 59 Durjoy
33%
Kaplan MT/Harimau
22%
Leopard 2A6 HEL
22%
PT-91
22%
Ramses II
22%
TR-85
11%
No matching quizzes found
Score Distribution
Percent of People with Each Score
Percentile by Number Answered
Your Score History
You have not taken this quiz